Diccionario ortográfico de bolsillo (Record no. 50452)

MARC details
000 -LEADER
campo de control de longitud fija 00619nam a2200181 i 4500
001 - NÚMERO DE CONTROL
campo de control 50452
003 - IDENTIFICADOR DE NÚMERO DE CONTROL
campo de control ES-MaACL
005 - FECHA Y HORA DE LA ÚLTIMA TRANSACCIÓN
campo de control 20230906162200.0
007 - CAMPO FIJO DE DESCRIPCIÓN FÍSICA--INFORMACIÓN GENERAL
campo de control de longitud fija t|
008 - DATOS DE LONGITUD FIJA--INFORMACIÓN GENERAL
campo de control de longitud fija 030804s1954 sp d |||| | spa d
080 ## - NÚMERO DE LA CLASIFICACIÓN DECIMAL UNIVERSAL
Número de la Clasificación Decimal Universal (038)=134.2'35
100 1# - ENTRADA PRINCIPAL--NOMBRE DE PERSONA
Nombre de persona Cuyás Armengol, Arturo.
9 (RLIN) 148645
245 10 - MENCIÓN DEL TÍTULO
Título Diccionario ortográfico de bolsillo
Resto del título : adaptado a las más recientes normas de la Real Academia de la Lengua /
Mención de responsabilidad, etc. Arturo Cuyas Armengol.
260 ## - PUBLICACIÓN, DISTRIBUCIÓN, ETC.
Lugar de publicación, distribución, etc. Barcelona :
Nombre del editor, distribuidor, etc. Hymsa,
Fecha de publicación, distribución, etc. 1954 (
Fabricante S.G.P.)
300 ## - DESCRIPCIÓN FÍSICA
Extensión 452 p. ;
Dimensiones 15 cm.
650 #4 - PUNTO DE ACCESO ADICIONAL DE MATERIA--TÉRMINO DE MATERIA
Término de materia o nombre geográfico como elemento de entrada Lengua española-
Subdivisión general Ortografía-
Subdivisión de forma Diccionarios.
9 (RLIN) 139587
852 ## - LOCALIZACIÓN
Ubicación ES-MaACL
Número de control de estantería C-10137
Holdings
Estatus retirado Estado de pérdida Estado de daño No para préstamo Colección Biblioteca de origen Biblioteca actual Ubicación en estantería Fecha de adquisición Fuente de adquisición Total de préstamos Signatura topográfica completa Código de barras Visto por última vez Precio de reemplazo Tipo de ítem Koha
        Colección de referencia Biblioteca del Ateneo de Madrid Biblioteca del Ateneo de Madrid Sala Palomar 17/01/2008     C-10137 1053069 23/02/2023 23/02/2023 Libro impreso